书目信息 |
| 题名: |
中华民国史资料丛稿
|
|
| 作者: | ;日本防卫厅防卫研究所战史室 著 ;政协天津市编译委员会 译 | |
| 分册: | 译稿 | |
| 出版信息: | 北京 中华书局 1985 |
|
| 页数: | 242页 | |
| 开本: | 26cm | |
| 丛书名: | ||
| 单 册: | ||
| 中图分类: | K258.06 | |
| 科图分类: | ||
| 主题词: | 中国--历史--1840~1949 | |
| 电子资源: | ||
| ISBN: | ||
| 000 | 00949nam0 2200253 45 | |
| 001 | 0185008785 | |
| 005 | 20060323170953.53 | |
| 010 | @dCNY2.70 | |
| 100 | @a19930913d1985 emky0chiy0121 ea | |
| 101 | 1 | @achi@cjpn |
| 102 | @aCN@b110000 | |
| 105 | @ay z 000yy | |
| 200 | 10 | @a中华民国史资料丛稿@Azhong hua min guo shi zi liao cong gao@i译稿@i香港作战@f日本防卫厅防卫研究所战史室著@Fri ben fang wei ting fang wei yan jiu suo zhan shi shi zhu@g天津市政协编译委员会译 |
| 210 | @a北京@c中华书局@d1985 | |
| 215 | @a242页@d26cm | |
| 517 | @a译稿@AYi Gao | |
| 517 | @a香港作战@AXiang Gang Zuo Zhan | |
| 606 | 0 | @a中国@x历史@z1840~1949 |
| 690 | @aK258.06@v4 | |
| 711 | 02 | @a日本防卫厅防卫研究所战史室@Ari ben fang wei ting fang wei yan jiu suo zhan shi shi@4著 |
| 712 | 02 | @a政协天津市编译委员会@Azheng xie tian jin shi bian yi wei yuan hui@4译 |
| 801 | 2 | @aCN@bNLC@c20060323 |
| 801 | 0 | @aCN@b深圳图书馆@c20040509 |
| 905 | @dK258.06@e36 | |
| 中华民国史资料丛稿.译稿.香港作战/日本防卫厅防卫研究所战史室著/天津市政协编译委员会译.-北京:中华书局,1985 |
| 242页;26cm |
| ISBN :CNY2.70 |
| ● |
| 相关链接 |
|
|
|
|
正题名:中华民国史资料丛稿
索取号:K258.06/36
 
预约/预借
| 序号 | 登录号 | 条形码 | 馆藏地/架位号 | 状态 | 备注 |
| 1 | 0158872 | 001294520 | 第二样本阅览室/ [索取号:K258.06/36] | 在馆 | |
| 2 | 0158873 | 202238765 | 密集书库/ [索取号:K258.06/36] | 在馆 |